000 00383nam a22001097a 4500
999 _c6705
_d6705
008 200324b ||||| |||| 00| 0 eng d
245 _aHousehold Budget Survey 2000/01:
_bFinal Report/
_cNational Bureau of Statistics.-
_hEnglish.
260 _aDar Es Salaam:
_bNational Bureau of Statistics,
_c2002.
300 _axxvii, 188p;
_bill;
_c30cm.-
650 _2BUDGET SURVEY
942 _2ddc
_cBOOKS